Statistics for Groups of Countries By Bordering Sea #2

Click here to take the quiz!

General Stats

  • This quiz has been taken 678 times
  • The average score is 26 of 31

Answer Stats

Country% Correct
Mexico
99%
United States
99%
Russia
96%
India
95%
Estonia
92%
Finland
92%
Latvia
92%
Sweden
92%
East Timor
91%
Indonesia
91%
Lithuania
91%
Poland
90%
Bangladesh
89%
Cuba
89%
Germany
89%
Denmark
88%
Sri Lanka
88%
Burma
84%
Azerbaijan
78%
Kazakhstan
78%
Iran
76%
Turkmenistan
76%
Cameroon
75%
Equatorial Guinea
75%
Benin
74%
Ghana
74%
Togo
74%
Australia
73%
Gabon
73%
Nigeria
73%
Sao Tome and Principe
59%

Score Distribution

Percentile by Number Answered

Percent of People with Each Score

Your Score History

You have not taken this quiz